000 01312nam a2200313 i 4500
003 CO-BoRNBP
005 20231003195241.0
007 ta
008 141031s2011 ck a g 000 f spa d
020 _a9789583001451
040 _aCO-BoRNBP
_bspa
_erda
_cCO-BoRNBP
041 0 _aspa
043 _as-ck---
082 0 4 _222
_a813 A355mu
100 1 _aAlcott, Louise May
_d1832-1888
_eautora
_911230
245 1 0 _aMujercitas
_cLouise May Alcott ; ilustrado por Carlos Daniel Ardila Mateus
250 _aPrimera edición
264 1 _aBogotá, Colombia
_bPanamericana
_c2011
300 _a257 páginas
_bilustraciones en blanco y negro
_c21 cm
336 _atexto
_btxt
_2rdacontent
337 _asin mediación
_bn
_2rdamedia
338 _avolumen
_bnc
_2rdacarrier
505 _tEl juego de los trashumantes --
_tLa alegría navideña --
_tEl chico de al lado --
_tLastres --
_tEntre conocidos --
_tBeth alla un bello palacio --
_tAmy padece la humillación --
_tApolo es encontrado por Jo --
_tMeg en el país de las vanidades --
_tDiversiones renovadas.
650 1 7 _aNovela estadounidense
_ySiglo XIX
_2ARMARC
_9233832
650 1 7 _aLiteratura estadounidense
_ySiglo XIX
_2ARMARC
_94348
650 1 7 _aMujeres en la literatura
_2ARMARC
_98572
700 1 _aArdila M., Carlos Daniel
_eilustrador
_9233833
942 _2ddc
_cBK
999 _c912
_d912